Himno del Real Madrid CF - Estadísticas

Estadísticas generales
  • Esta prueba ha sido intentada 316 veces
  • La puntuación promedio es 64 de 75
Estadísticas de respuestas
% Correcto
Madrid
98%
Madrid,
98%
Madrid,
98%
Madrid,
98%
Madrid!
98%
Madrid!
98%
y
97%
Y
97%
y
97%
Hala
94%
Hala
94%
que
94%
que
94%
que
94%
que
94%
94%
tu
94%
94%
La
92%
más,
92%
más
92%
nada
92%
nada
92%
por
91%
Historia
90%
Historia
90%
de
89%
De
89%
de
89%
hacer
89%
hiciste
89%
Mi
87%
mi
87%
las
85%
Los
85%
Ya
84%
Ya
84%
Ya
84%
tus
83%
al
82%
ganas
82%
lo
82%
nadie
82%
Chamartín
81%
estrellas
81%
Porque
81%
resiste
81%
vencer
81%
soy
80%
Soy
80%
soy
80%
El
79%
Saeta
79%
todo
79%
viejo
79%
corazón
78%
días
78%
salen
78%
son
78%
camiseta
77%
cerca
77%
juegas
77%
lejos
77%
Llevo
77%
lucha,
77%
aquí
76%
hasta
76%
Nos
76%
pegada
76%
corre
75%
ataca
74%
traes
73%
aprendí
72%
belleza
72%
grito
70%
No se encontraron pruebas coincidentes
Distribución de puntuación
Porcentaje de gente con cada puntuación
Porcentaje por número respondido
Historial de tus puntuaciones
No has intentado esta prueba.